UNDERSTANDING COMPUTERS MEMORY AND STORAGE (Record no. 567366)
[ view plain ]
| 000 -LEADER | |
|---|---|
| fixed length control field | 00289nam a22001217a 4500 |
| 020 ## - INTERNATIONAL STANDARD BOOK NUMBER | |
| International Standard Book Number | 0-8094-7598-7 |
| 082 ## - DEWEY DECIMAL CLASSIFICATION NUMBER | |
| Classification number | 004.5 UND'T |
| 100 ## - MAIN ENTRY--PERSONAL NAME | |
| Personal name | TIME LIFE |
| 9 (RLIN) | 57059 |
| 245 ## - TITLE STATEMENT | |
| Title | UNDERSTANDING COMPUTERS MEMORY AND STORAGE |
| 260 ## - PUBLICATION, DISTRIBUTION, ETC. | |
| Place of publication, distribution, etc. | VIRGINIA |
| Name of publisher, distributor, etc. | TIME LIFE |
| Date of publication, distribution, etc. | 1980 |
| 300 ## - PHYSICAL DESCRIPTION | |
| Extent | 128P |
| 942 ## - ADDED ENTRY ELEMENTS (KOHA) | |
| Koha item type | Book |
| Withdrawn status | Lost status | Damaged status | Not for loan | Permanent Location | Current Location | Shelving location | Date acquired | Total Checkouts | Full call number | Barcode | Date last seen | Price effective from | Koha item type |
|---|---|---|---|---|---|---|---|---|---|---|---|---|---|
| College of Electrical & Mechanical Engineering (CEME) | College of Electrical & Mechanical Engineering (CEME) | Reference | 07/12/2017 | 004.5 UND'T | CEME-24865 | 06/28/2021 | 06/28/2021 | Book |
